| 000 -LEADER | |
|---|---|
| fixed length control field | 00415nam a22001457a 4500 |
| 005 - DATE AND TIME OF LATEST TRANSACTION | |
| control field | 20240603124345.0 |
| 008 - FIXED-LENGTH DATA ELEMENTS--GENERAL INFORMATION | |
| fixed length control field | 240603b |||||||| |||| 00| 0 eng d |
| 020 ## - INTERNATIONAL STANDARD BOOK NUMBER | |
| ISBN | 978-1-64546-383-2 |
| 041 ## - LANGUAGE CODE | |
| Language code of text/sound track or separate title | eng |
| 100 ## - MAIN ENTRY--AUTHOR NAME | |
| Personal name | DR. KUMAR SANJAY |
| 245 ## - TITLE STATEMENT | |
| Title | PERSONALITY CAREER AUR BINDAS JINDAGI: VYAKTITWA NIRMAAN KEE EK LAJAVAAB PUSTAK |
| 260 ## - PUBLICATION, DISTRIBUTION, ETC. (IMPRINT) | |
| Place of publication | RANCHI |
| Name of publisher | SPENIN, XPRESS PUBLISHING |
| 300 ## - PHYSICAL DESCRIPTION | |
| Number of Pages | 161;P |
| 942 ## - ADDED ENTRY ELEMENTS (KOHA) | |
| Koha item type | Books |
| Lost status | Damaged status | Collection code | Home library | Current library | Shelving location | Date acquired | Source of acquisition | Cost, normal purchase price | Accession Number | Koha item type |
|---|---|---|---|---|---|---|---|---|---|---|
| Fiction | JRU Library | JRU Library | SHELF-44-E | 03/06/2024 | DONATION | 175.00 | 0039/D | Books |